00967cam a22001811 450000100100000000500170001000800410002704000250006810000320009324500620012526000560018730001240024344000320036750000440039950002690044350400290071270000440074100000113720200929145503.0880414s1936 sp acf b 000 0 spa  aDO-SdBNPbspacBNPHU1 aGlück, Gustav,d1871-195210aArte del renacimiento fuera de Italia, /cGustav Glück. aBarcelona [etc.] :bEditorial Labor, s.a.,c[1936]. a5 p. l., 13-840, [1] p. incl. plates, ports. :bplates (part fold. part mounted) col. mounted ports., diagrs. ;c28 cm. 0aHistoria del arte Labor.vX aMost of the mounted plates are colored. a"Obra directamente traducida del aleman por Ramon Iglesias ... con un estudio original sobre el Arte del renacimiento en Espana (texto, laminas y catalogo critico) por Jose Camon Aznar ... y las Artes industriales espanolas en el renacimiento, por Andres Calzada." aIncluye bibliografías.1 aCalzada Echevarria, Andres,d1892-1938.